000 00290nam a22001337a 4500
008 180226b xxu||||| |||| 00| 0 eng d
020 _a9781437702125
041 _aeng
080 _a004
100 _a35
101 _aSHK
245 _a2011 HCPCS LEVEL II
_cCAROL.J.B
942 _2udc
_cBK
999 _c43409
_d43409